Statistics for Washington State Pro and NCAA Teams

Click here to take the quiz!

General Stats

  • This quiz has been taken 47 times
  • The average score is 7 of 9

Answer Stats

Answers% Correct
Seattle Mariners
97%
Seattle Seahawks
97%
Seattle Supersonics
91%
Seattle Sounders
85%
University of Washington Huskies
85%
Washington State University Cougars
82%
Gonzaga Bulldogs
74%
Seattle University Redhawks
32%
Eastern Washington University Eagles
29%

Score Distribution

Percentile by Number Answered

Percent of People with Each Score

Your Score History

You have not taken this quiz